Sports injuries: (Record no. 44927)

MARC details
000 -LEADER
fixed length control field 00723nam a22002054a 4500
005 - DATE AND TIME OF LATEST TRANSACTION
control field 20100909161010.0
020 ## - INTERNATIONAL STANDARD BOOK NUMBER
International Standard Book Number 9780192632715
Terms of availability 1295.00
037 ## - SOURCE OF ACQUISITION
Source of stock number/acquisition Abilash Book Centre
082 00 - DEWEY DECIMAL CLASSIFICATION NUMBER
Classification number 617.1027
245 10 - TITLE STATEMENT
Title Sports injuries:
Statement of responsibility, etc edited by M.A. Hutson
Remainder of title recognition and management /
250 ## - EDITION STATEMENT
Edition statement 3rd ed.
260 ## - PUBLICATION, DISTRIBUTION, ETC. (IMPRINT)
Name of publisher, distributor, etc Oxford University Press,
Date of publication, distribution, etc 2001
Place of publication, distribution, etc New York
270 ## - ADDRESS
City New York
300 ## - PHYSICAL DESCRIPTION
Extent 251p.
Other physical details photos
Dimensions 26cm(Hb)
500 ## - GENERAL NOTE
General note Includes index
700 ## - ADDED ENTRY--PERSONAL NAME
Personal name Hutson, M.A.
9 (RLIN) 19258
942 ## - ADDED ENTRY ELEMENTS (KOHA)
Source of classification or shelving scheme Dewey Decimal Classification
Item type English Books
Classification part 617.1027
Call number suffix SPO
Holdings
Withdrawn status Lost status Not for loan Collection code Home library Current library Date acquired Cost, normal purchase price Full call number Copy number Cost, replacement price Koha item type
    Ordered Non-fiction Andrews Gunj Andrews Gunj 09/09/2010 1295.00 617.1027 SPO 1 1295.00 English Books

© Delhi Public Library
Hit Counter
free hit counter